000 01180nam a2200277 i 4500
001 22878
003 ES-MaACL
005 20240523102031.0
007 t|
008 021205m19611964it ||||1| spa d
080 _a811.134.2(468.1)(084.4)
080 _a39(468.1)(084.4)
100 1 _aAlvar, Manuel,
_d1923-2001
_920583
245 1 0 _aAtlas lingüístico y etnográfico de Andalucía /
_cManuel Alvar, con la colaboración de A. Llorente y G. Salvador.
260 _aGranada :
_bUniversidad de Granada,
_c1961-1964.
300 _a3 v. ;
_c36 cm.
505 8 _aContiene: 1. Agricultura e industrias con ella relacionadas -- 2. Vegetales. Animales silvestres. Ganadería. Industrias pecuarias. Animales domésticos. Apicultura -- 3. Usos y costumbres. Utensilios, viviendas, vocabulario
596 _aPatrocinado por la Fundación Juan March
650 4 _aLengua española-
_zAndalucía-
_vMapas.
_9173984
651 4 _aAndalucía-
_xUsos y costumbres.
_9159768
700 1 _aLlorente, A.
_972903
700 0 _aSalvador, Gregorio,
_d1927-2020
_9102071
710 2 _aUniversidad de Granada.
_97176
852 4 _aES-MaACL
_jB-7743-4 bis
999 _c22878
_d22878